000 00932nas a2200277 4500
001 BR2012000827
003 BR-BrBNA
005 20231205120122.0
007 ta
008 230509b bl.|||p| |||| 00| 00por d
040 _aBR-BrBNA
_bpor
_cBiblioteca Nacional de Agricultura
041 _a(Pt)
072 _aE16
100 1 _aFreire, A.H.
100 1 _aReis, R.P.
100 1 _aFontes, R.E.
100 1 _aVeiga, R.D
245 1 _aEficiência econômica da cafeicultura no sul de Minas Gerais: uma aplicação da fronteira de produção
246 1 _aEconomic efficiency of coffee in the south of Minas Gerais: one application of production frontier
650 _aCAFÉ
650 _aCUSTO DE PRODUÇÃO
650 _aECONOMIA DA PRODUÇÃO
773 0 _tCoffee Science (Brazil)
_xISSN 1809-6875
_g(May-Aug 2011), v. 6(2) p. 172-183
_wBR2012000827
909 _a202311
_bLúcia
_c55
_dLúcia Elande
942 _2AGRIS
_n0
_cANA
999 _c217114
_d217114